NFL: Top 3 Most Rushing Yards in Each Draft Round (2014) - Statistics

General Stats
  • This quiz has been taken 8 times
    2 since last reset
  • The average score is 6 of 22
Answer Stats
Round # Player Yards College % Correct
First Round 3rd Blake Bortles 1,766 UCF
100%
Second Round 36th Derek Carr 956 Fresno State
100%
First Round 32nd Teddy Bridgewater 844 Louisville
100%
Fifth Round 164th A.J. McCarron 68 Alabama
50%
Fourth Round 113th Andre Williams 1,090 Boston College
50%
First Round 20th Brandin Cooks 341 Oregon State
50%
Undrafted N/A Damien Williams 1,440 Oklahoma
50%
Seventh Round 222nd Storm Johnson 86 UCF
50%
Sixth Round 181st Alfred Blue 2,407 LSU
0%
Second Round 57th Carlos Hyde 4,821 Ohio State
0%
Fourth Round 103rd Devonta Freeman 4,720 Florida State
0%
Undrafted N/A Isaiah Crowell 3,803 Georgia / Alabama State
0%
Fourth Round 130th James White 1,278 Wisconsin
0%
Sixth Round 211th Jay Prosch 42 Auburn
0%
Seventh Round 236th Jeff Janis 38 Saginaw Valley State
0%
Second Round 55th Jeremy Hill 2,898 LSU
0%
Third Round 96th Jerick McKinnon 2,650 Georgia Southern
0%
Sixth Round 201st Marion Grice 41 Arizona State
0%
Seventh Round 218th Michael Campanaro 131 Wake Forest
0%
Undrafted N/A Orleans Darkwa 1,038 Tulane
0%
Third Round 94th Terrance West 1,816 Towson
0%
Third Round 75th Tre Mason 972 Auburn
0%
No matching quizzes found
Score Distribution
Percent of People with Each Score
Percentile by Number Answered
Your Score History
You have not taken this quiz since the last reset